000
00282nam a2200121Ia 4500
008
140130s9999 xx 000 0 und d
245
_c
Pines, T.
_a
13 tales of horror
260
_b
Scholastic,
_c
1991
440
_v
1
521
_a
Grade 3 - Grade 5
942
_c
BK
999
_c
41017
_d
41017